000 00975cab a2200241 4500
001 ABS37488
008 090401t1987 xxu||||| |||| 00| 0 eng d
035 _a(Sirsi) u4896
041 _aeng
100 _aAlsop, D.J.A.
245 4 _aThe Blue Circle Industries headquarters building, Aldermaston
260 _c1987
350 _a0
490 _aStructural Engineer
_v65A (3) March 1987, 99-105 (7)
520 _aThis paper describes some aspects of the structural design of the new headquarters building for Blue Circle , situated at Aldermaston . Looks particularly at ground conditions, foundations and the design of the substructure and superstructure , including the framing arrangements for the two atrium roofs . Figures. Photos.
650 _aBUILT ENVIRONMENT-CONSTRUCTION DESIGN
650 _aBUILDING PROJECTS
650 _aOFFICE BUILDINGS
650 _aPILING
690 _aBUILT ENVIRONMENT-CONSTRUCTION DESIGN
942 _n0
948 _c04/03/1997
999 _c2959
_d2959